| 000 | 01506nam a22004337a 4500 | ||
|---|---|---|---|
| 001 | 001247 | ||
| 003 | DO-SdBNP | ||
| 005 | 20170906095454.0 | ||
| 007 | 001247 | ||
| 008 | 161017b 2005 pr || 00| 0 spa d | ||
| 020 | _a0717251144 (obra completa) | ||
| 040 |
_aBPMUSU _bspa _cBPMSU |
||
| 082 | 4 |
_aR 036.1 _bN964e, 2005 |
|
| 245 | 0 | 0 |
_aNueva enciclopedia Cumbre / _cdirector editorial Pedro Larios Aznar ... [et.al.] ; prólogo Alfonso Reyes |
| 260 | 0 |
_aSanturce, Puerto Rico : _bCaribe Grolier, _c2005 |
|
| 300 |
_a15 v. : _bil.; _c30 cm. |
||
| 505 | 0 | _tv. 1. A - Arecibo -- | |
| 505 | 0 | _tv. 2. Arena - Blasco -- | |
| 505 | 0 | _tv. 3. Blasco Ibáñez - Cerro Largo -- | |
| 505 | 0 | _tv. 4. Cervantes - Cyrano -- | |
| 505 | 0 | _tv. 5. D - España -- | |
| 505 | 0 | _tv. 6. Español - Gobi -- | |
| 505 | 0 | _tv. 7. Gobierno - Inscripción -- | |
| 505 | 0 | _tv. 8. Insecticidas - Lyra -- | |
| 505 | 0 | _tv. 9. M - Murat -- | |
| 505 | 0 | _tv. 10. Murcia - Pasco -- | |
| 505 | 0 | _tv. 11. Pascua - Reis -- | |
| 505 | 0 | _tv. 12. Reja - Sionismo -- | |
| 505 | 0 | _tv. 13. Siqueiros - Vacío -- | |
| 505 | 0 | _tv. 14. Vacunación - Zworkin -- | |
| 505 | 0 | _tv. 15 . Índice analítico. | |
| 650 | 4 | _aENCICLOPEDIAS Y DICCIONARIOS ESPAÑOLES | |
| 700 | 1 | 2 |
_aReyes, Alfonso _eprólogo |
| 700 | 1 | 2 |
_aLarios Aznar, Pedro _eeditor |
| 910 | _aValidado. Control de calidad MFF | ||
| 942 |
_2ddc _cBK |
||
| 945 | _aInventariado/ 2017 VM | ||
| 956 |
_aVMATEO _b10 _c20161017 _dBPMSU _f0069 |
||
| 999 |
_c11581 _d11581 |
||